Enseñar ciencias: abrir nuevos caminos. La enseñanza de las ciencias en el Quindio, estrategias para su mejoramiento
Este libro es el resultado de un trabajo pedagógico experimental realizado para el mejoramiento de la enseñanza de las Ciencias Naturales de niños y adolescentes en el Departamento del Quindio.
Uloženo v:
| Další autoři: | |
|---|---|
| Médium: | Kniha |
| Jazyk: | Spanish |
| Vydáno: |
Medellín:
Universidad de Antioquía,
1997
|
| Témata: | |
| On-line přístup: | Enlace del recurso |
| Tagy: |
Přidat tag
Žádné tagy, Buďte první, kdo vytvoří štítek k tomuto záznamu!
|
MARC
| LEADER | 00000nam a2200000 a 4500 | ||
|---|---|---|---|
| 001 | 000782 | ||
| 008 | 030404s1997 ck a fr# #000|0#spa#d | ||
| 041 | 0 | |a spa | |
| 043 | |a s-ck--- | ||
| 082 | 0 | 4 | |a 507 |b E572e |
| 245 | 0 | 0 | |a Enseñar ciencias: |b abrir nuevos caminos. La enseñanza de las ciencias en el Quindio, estrategias para su mejoramiento |c Bernardo Restrepo G. ... [et al.] |
| 260 | |a Medellín: |b Universidad de Antioquía, |c 1997 | ||
| 300 | |a 189 p.: |b il. | ||
| 504 | |a Incluye bibliografía. | ||
| 520 | 3 | |a Este libro es el resultado de un trabajo pedagógico experimental realizado para el mejoramiento de la enseñanza de las Ciencias Naturales de niños y adolescentes en el Departamento del Quindio. | |
| 650 | 1 | 4 | |a ENSEÑANZA DE LA CIENCIAS |z COLOMBIA |
| 650 | 1 | 4 | |a CIENCIAS NATURALES |
| 700 | 1 | |a Restrepo G., Bernardo | |
| 999 | |c 2934 |d 2934 | ||
| 856 | |u https://catalogo.idep.edu.co/cgi-bin/koha/opac-detail.pl?biblionumber=2934 |z Enlace del recurso | ||